000 00664nam a2200241 i 4500
001 C2-0246156
003 PPAK
005 20180727210956.0
008 030322s2002 my a|||| ||||| | may d
020 _a9837424435
040 _aPPAK
_beng
_cPPAK
_erda
082 0 4 _a332.35
_223
090 0 0 _a332.35
_bCHE
_dG
100 1 _aCheah, Kooi Guan,
_eauthor
245 1 0 _aSistem kewangan Malaysia
264 1 _aPetaling Jaya, Selangor :
_bLongman ,
_c2002
300 _a246 pages :
_billustrations ;
_c23 cm
336 _2rdacontent
_atext
337 _2rdamedia
_aunmediated
338 _2rdacarrier
_avolume
650 1 0 _aFinancial institutions
942 _ddc
_cB
999 _c60126
_d60126